Логика на измамата (Запис номер 76625)
[ съкратено ]
| 000 -Лидер | |
|---|---|
| Контролно поле с фиксирана дължина | 01387nam a2200361 c 4500 |
| 003 - Код на организацията, давaща контролен номер | |
| Контролно поле | BLK |
| 005 - Дата и час на последна редакция | |
| Контролно поле | 20180420224234.0 |
| 008 - Елементи от данни с фиксирана дължина | |
| fixed length control field | 180408b bul|||||r ||||||| ||bul|| |
| 010 ## - Наследен системен номер | |
| LC control number | KNG00081061000 |
| 020 ## - Международен стандартен номер на книга ISBN | |
| Международен стандартен номер на книга ISBN | 978-954-323-220-8 |
| -- | издат.: Авангард Прима |
| 040 ## - Източник на каталожния запис | |
| Идентификатор на билиотеката - собственик на записа | BLK |
| 041 ## - Код за език | |
| Код за езика на текст/звукозапис или на отделно заглавие | Български |
| Код за езика КДБФ | Български |
| 080 ## - УДК | |
| Текстов определител УДК | Основни положения на логиката. Формална логика |
| УДК код - определител по УДК | 161/162 |
| УДК определител | |
| УДК - код + определител | 161/162 |
| 080 ## - УДК | |
| Текстов определител УДК | Софизъм. Погрешни и лъжливи умозаключения |
| УДК код - определител по УДК | 162.5 |
| УДК определител | |
| УДК - код + определител | 162.5 |
| 100 1# - Редна дума - Автор | |
| Автор | Гънгов, Александър Любенов |
| Авторска отговорност | първи автор |
| R(LIN) | 57425 |
| 139 ## - Редно поле | |
| Редна дума | Гънгов, Александър Любенов |
| Авторски знак | Гън - Г 97 |
| 245 10 - Сведения за заглавието | |
| Заглавие | Логика на измамата |
| Редно поле (дума) | Александър Любенов Гънгов. |
| 250 ## - Област на изданието | |
| Сведения за изданието | 2. изд. |
| 257 ## - Страна на издаване | |
| Страна на създаване/издаване | България |
| 260 ## - Област на издателските данни | |
| -- | София |
| Име на издателя, разпространителя и проч. | Авангард Прима |
| Година на издаване | 2006 |
| Печатница | София : Док. център Авангард |
| 300 ## - Физическа характеристика | |
| Страници | 168 с. |
| Размери/Мащаб | 21 см |
| 380 ## - Жанр | |
| Жанр | Философия |
| 500 ## - Общи забележки | |
| Забележка | 1. изд. 2004. - Офс. изд. - Рез. на англ. ез. |
| 650 #4 - Допълнително описание по предмет – тема | |
| Основно описание – тема или топоним | Логика |
| 9 (RLIN) | 160748 |
| 650 #4 - Допълнително описание по предмет – тема | |
| Основно описание – тема или топоним | Измами |
| 9 (RLIN) | 156494 |
| 653 ## - Ключова дума – ненормативна | |
| Ключова дума | логика |
| 653 ## - Ключова дума – ненормативна | |
| Ключова дума | измами |
| 852 ## - Местоположение | |
| Форматна сигнатура | Цб 238063 |
| 856 4# - Електронен адрес и достъп | |
| Електронен формат | pdf - файл |
| Път до файла /url/ | |
| 856 4# - Електронен адрес и достъп | |
| Електронен формат | pdf - файл |
| Път до файла /url/ | |
| 942 ## - АРТИКУЛИ | |
| Вид на библиотечния материал | Книги |
| Скрит в OPAC | Не |
| 944 ## - СЪЗДАВАНЕ И РЕДАКЦИЯ на ЗАПИСА | |
| Създаване/Редакция | Създаване |
| Дата на регистрацията/редакция | 05.02.2008 |
| Служител, извършил регистрацията/редакцията | Наталия_Медовщикова |
| 944 ## - СЪЗДАВАНЕ И РЕДАКЦИЯ на ЗАПИСА | |
| Създаване/Редакция | Редакция |
| Дата на регистрацията/редакция | 28.11.2008 |
| Служител, извършил регистрацията/редакцията | |
| 999 ## - СИСТЕМНИ КОНТРОЛНИ НОМЕРА | |
| Koha biblionumber | 76625 |
| Koha biblioitemnumber | 76625 |
| Код за отписване | Код за изгубен артикул | Код за повреда | Коз за рестрикции | Код за отдаване | Артикулен № | Име на библиотеката - собственик | Име на библиотеката, в която се намира в момента | Статус (Текущо местоположение) | Дата на вписване в системата | Местоположение - отдел | Цена в лева | Инвентарен номер | Систематично азбучна сигнатура | Баркод | Номер на екземпляра | Цена в евро | Служебна бележка | Служебен тип на артикула |
|---|---|---|---|---|---|---|---|---|---|---|---|---|---|---|---|---|---|---|
| Не е изгубен | Не е повреден | без рестрикции | ползва се в читалня | 124410 | Регионална библиотека "Любен Каравелов" Русе | Регионална библиотека "Любен Каравелов" Русе | Хранилище | 2008-02-04 | Хранилище | 0.00 | 120000722956 | Цб 238063 | 120000722956 | 1 | 0.00 | Дост: Dp Вид: Д N: 43 Дата: 04.10.2007 | Книги |